Mujer y tercera edad

Enregistré dans:
Détails bibliographiques
Format: Livre
Langue:espagnol
Publié: Santiago ILET 1985
Collection:Especial-Mujer
Sujets:
Tags: Ajouter un tag
Pas de tags, Soyez le premier à ajouter un tag!

MARC

LEADER 00000nam a2200000 a 4500
001 UCW6277
003 CL-VaPUC
008 911119e19850000CL |||||||||||||||||spa|d
082 0 4 |a 305.4  |b MUJ  |2 21 
245 1 0 |a Mujer y tercera edad 
300 |a 20 p 
942 |c BK 
945 |d 19911119 00:00:00 
260 |a Santiago  |b ILET  |c 1985 
650 0 |a Tercera edad   |9 307285 
650 0 |a Adulto mayor  |9 311317 
650 7 |a SALUD MENTAL DE LA MUJER  |2 CL-VaPUC  |9 311318 
583 |a last modification  |c 19911119 00:00:00  |k Rodrigo Vera 
490 0 |a Especial-Mujer 
999 |c 219399  |d 219397 
952 |0 0  |1 0  |4 0  |6 305_400000000000000_MUJ_1985  |7 0  |8 P  |9 210305  |a BIBEDU  |b BIBEDU  |c BIBEDU_PB  |d 2019-11-15  |i 2783797  |o 305.4 MUJ 1985  |p 2783797  |r 2024-01-25  |w 2019-11-15  |y BK  |k EDU